[Event "NED-ch 2018"]
[Site "Amsterdam"]
[Date "2018.07.07"]
[Round "6"]
[White "Van Foreest, Jorden"]
[Black "L'Ami, Erwin"]
[Result "1-0"]
[WhiteElo "2641"]
[BlackElo "2636"]
[Annotator "ChessBase"]
[PlyCount "61"]
[EventDate "2018.07.02"]
[EventType "tourn"]
[EventCountry "NED"]
[SourceTitle "playchess.com"]
[Source "ChessBase"]
[SourceQuality "1"]
[TimeControl "40/5400+30:1800+30"]

1. e4 {[%emt 0:07:45]} e5 {[%emt 0:00:00]} 2. Nf3 {[%emt 0:00:04]} Nf6 {[%emt 0:00:00]} 3. Nc3 {[%emt 0:01:25]} Nc6 {[%emt 0:00:01]} 4. Bb5 {[%emt 0:00:06]} Bb4 {[%emt 0:00:26]} 5. O-O {[%emt 0:00:10]} O-O {[%emt 0:01:01]} 6. d3 {[%emt 0:00:05]} d6 {[%emt 0:00:20]} 7. Ne2 {[%emt 0:00:06]} Ne7 {[%emt 0:00:28]} 8. c3 {[%emt 0:00:07]} Bc5 {[%emt 0:01:06]} 9. d4 {[%emt 0:02:45]} Bb6 {[%emt 0:00:13]} 10. Ng3 {[%emt 0:00:15]} Ng6 {[%emt 0:00:43]} 11. Be3 {[%emt 0:00:30]} c6 {[%emt 0:05:15]} 12. Bd3 {[%emt 0:00:04]} Re8 {[%emt 0:00:17]} 13. Re1 {[%emt 0:01:01]} h6 {[%emt 0:05:09]} 14. h3 {[%emt 0:02:42]} Nh7 {[%emt 0:05:45]} 15. a4 {[%emt 0:15:52]} Ng5 {[%emt 0:06:01]} 16. Bc4 {[%emt 0:09:42]} Qf6 {[%emt 0:10:53]} 17. Nh5 {[%emt 0:02:40]} Qe7 {[%emt 0:06:09]} 18. a5 {[%emt 0:00:29]} Bc7 {[%emt 0:00:39]} 19. dxe5 {[%emt 0:07:44]} dxe5 {[%emt 0:03:40]} 20. b4 {[%emt 0:01:24]} Nxf3+ {[%emt 0:05:12]} 21. Qxf3 {[%emt 0:01:19]} Be6 {[%emt 0:00:25]} 22. Bxe6 {[%emt 0:07:54]} Qxe6 {[%emt 0:00:14]} 23. Ng3 {[%emt 0:02:06]} Ne7 {[%emt 0:05:25]} 24. Nf5 {[%emt 0:01:45]} a6 {[%emt 0:09:24]} 25. Bc5 {[%emt 0:02:32]} Nxf5 {[%emt 0:01:14]} 26. exf5 {[%emt 0:00:04]} Qf6 {[%emt 0:00:58]} 27. Qe4 {[%emt 0:04:12]} Rad8 {[%emt 0:04:58]} 28. g3 {[%emt 0:00:05]} Kh7 {[%emt 0:02:56]} 29. Re3 {[%emt 0:00:59]} Rd2 {[%emt 0:02:07]} 30. Rf3 {[%emt 0:00:47]} Red8 {[%emt 0:01:55]} 31. Be7 {[%emt 0:03:22]} 1-0

[Event "NED-ch 2018"]
[Site "Amsterdam"]
[Date "2018.07.07"]
[Round "6"]
[White "Tiviakov, Sergei"]
[Black "Van Wely, Loek"]
[Result "1-0"]
[WhiteElo "2580"]
[BlackElo "2674"]
[Annotator "ChessBase"]
[PlyCount "75"]
[EventDate "2018.07.02"]
[EventType "tourn"]
[EventCountry "NED"]
[SourceTitle "playchess.com"]
[Source "ChessBase"]
[SourceQuality "1"]
[TimeControl "40/5400+30:1800+30"]

1. e4 {[%emt 0:00:00]} c5 {[%emt 0:00:00]} 2. c3 {[%emt 0:00:00]} Nf6 {[%emt 0:00:03]} 3. e5 {[%emt 0:00:00]} Nd5 {[%emt 0:00:05]} 4. Nf3 {[%emt 0:00:00]} e6 {[%emt 0:00:08]} 5. Bc4 {[%emt 0:00:00]} d6 {[%emt 0:00:10]} 6. d4 {[%emt 0:00:18]} cxd4 {[%emt 0:00:37]} 7. cxd4 {[%emt 0:00:05]} Nb6 {[%emt 0:02:53]} 8. Bd3 {[%emt 0:00:09]} dxe5 {[%emt 0:00:14]} 9. dxe5 {[%emt 0:00:05]} Na6 {[%emt 0:00:34]} 10. O-O {[%emt 0:00:06]} Nc5 {[%emt 0:00:38]} 11. Be2 {[%emt 0:00:05]} Qxd1 {[%emt 0:03:00]} 12. Rxd1 {[%emt 0:00:14]} Nd5 {[%emt 0:00:50]} 13. Bc4 {[%emt 0:11:59]} Nb6 {[%emt 0:03:02]} 14. Bb5+ {[%emt 0:00:10]} Bd7 {[%emt 0:00:07]} 15. Nc3 {[%emt 0:00:05]} a6 {[%emt 0:01:51]} 16. Be2 {[%emt 0:01:24]} Nba4 {[%emt 0:09:29]} 17. Nxa4 {[%emt 0:03:54]} Bxa4 {[%emt 0:18:26]} 18. b3 {[%emt 0:00:24]} Bc6 {[%emt 0:00:39]} 19. Bb2 {[%emt 0:25:41]} Be7 {[%emt 0:06:52]} 20. Nd4 {[%emt 0:03:45]} Be4 {[%emt 0:02:41]} 21. f3 {[%emt 0:09:24]} Bg6 {[%emt 0:01:29]} 22. a4 {[%emt 0:07:37]} Rd8 {[%emt 0:03:54]} 23. b4 {[%emt 0:06:48]} Nd7 {[%emt 0:01:41]} 24. b5 {[%emt 0:03:17]} a5 {[%emt 0:01:02]} 25. Bc3 {[%emt 0:00:24]} Bb4 {[%emt 0:03:22]} 26. Bxb4 {[%emt 0:01:27]} axb4 {[%emt 0:00:15]} 27. a5 {[%emt 0:00:01]} b3 {[%emt 0:08:16]} 28. Nxb3 {[%emt 0:00:38]} Bc2 {[%emt 0:00:07]} 29. Rxd7 {[%emt 0:00:32]} Rxd7 {[%emt 0:01:44]} 30. Nc5 {[%emt 0:00:07]} Rd5 {[%emt 0:05:09]} 31. Nxb7 {[%emt 0:00:58]} Rxe5 {[%emt 0:10:54]} 32. Kf2 {[%emt 0:01:09]} Bb3 {[%emt 0:04:10]} 33. Rc1 {[%emt 0:02:53]} Ke7 {[%emt 0:03:33]} 34. a6 {[%emt 0:02:19]} Ra8 {[%emt 0:03:12]} 35. Rc7+ {[%emt 0:00:50]} Kf6 {[%emt 0:00:05]} 36. Nd6 {[%emt 0:01:07]} Rd5 {[%emt 0:05:16]} 37. Ne4+ {[%emt 0:00:15]} Kg6 {[%emt 0:00:19]} 38. b6 {[%emt 0:00:08]} 1-0

[Event "NED-ch 2018"]
[Site "Amsterdam"]
[Date "2018.07.07"]
[Round "6"]
[White "Sokolov, Ivan"]
[Black "Leenhouts, Koen"]
[Result "1-0"]
[WhiteElo "2565"]
[BlackElo "2483"]
[Annotator "ChessBase"]
[PlyCount "109"]
[EventDate "2018.07.02"]
[EventType "tourn"]
[EventCountry "NED"]
[SourceTitle "playchess.com"]
[Source "ChessBase"]
[SourceQuality "1"]
[TimeControl "40/5400+30:1800+30"]

1. d4 {[%emt 0:08:59]} d5 {[%emt 0:00:00]} 2. c4 {[%emt 0:00:35]} e6 {[%emt 0:00:00]} 3. Nc3 {[%emt 0:01:20]} Nf6 {[%emt 0:00:00]} 4. Bg5 {[%emt 0:01:33]} Be7 {[%emt 0:00:03]} 5. e3 {[%emt 0:01:46]} Nbd7 {[%emt 0:00:20]} 6. Nf3 {[%emt 0:09:49]} h6 {[%emt 0:00:48]} 7. Bh4 {[%emt 0:02:34]} O-O {[%emt 0:00:11]} 8. Rc1 {[%emt 0:03:30]} c5 {[%emt 0:02:03]} 9. dxc5 {[%emt 0:12:06]} dxc4 {[%emt 0:05:38]} 10. Bxc4 {[%emt 0:07:36]} Nxc5 {[%emt 0:00:14]} 11. Qc2 {[%emt 0:03:16]} a6 {[%emt 0:07:02]} 12. O-O {[%emt 0:03:36]} b5 {[%emt 0:02:12]} 13. Rfd1 {[%emt 0:00:02]} Qe8 {[%emt 0:08:47]} 14. Be2 {[%emt 0:10:58]} Bb7 {[%emt 0:05:23]} 15. b4 {[%emt 0:06:26]} Nce4 {[%emt 0:05:22]} 16. Nxe4 {[%emt 0:00:01]} Bxe4 {[%emt 0:00:35]} 17. Qb2 {[%emt 0:00:02]} Rc8 {[%emt 0:05:24]} 18. Rxc8 {[%emt 0:03:59]} Qxc8 {[%emt 0:01:18]} 19. Ne5 {[%emt 0:00:01]} Rd8 {[%emt 0:13:02]} 20. Rc1 {[%emt 0:00:05]} Qa8 {[%emt 0:03:19]} 21. f3 {[%emt 0:00:08]} Bb7 {[%emt 0:02:23]} 22. e4 {[%emt 0:02:39]} Qb8 {[%emt 0:12:01]} 23. Nd3 {[%emt 0:05:01]} a5 {[%emt 0:09:07]} 24. a3 {[%emt 0:00:18]} axb4 {[%emt 0:00:36]} 25. axb4 {[%emt 0:00:03]} Bc8 {[%emt 0:02:24]} 26. Bg3 {[%emt 0:04:06]} Qa7+ {[%emt 0:02:27]} 27. Bf2 {[%emt 0:00:04]} Qb8 {[%emt 0:00:31]} 28. Bc5 {[%emt 0:02:30]} Bd6 {[%emt 0:02:04]} 29. Bxd6 {[%emt 0:01:23]} Qxd6 {[%emt 0:00:02]} 30. Qe5 {[%emt 0:00:38]} Qb6+ {[%emt 0:03:51]} 31. Qc5 {[%emt 0:00:17]} Qa6 {[%emt 0:00:06]} 32. Ne5 {[%emt 0:02:51]} Bd7 {[%emt 0:05:42]} 33. Nxd7 {[%emt 0:01:29]} Nxd7 {[%emt 0:00:44]} 34. Qc7 {[%emt 0:00:10]} Qb6+ {[%emt 0:02:40]} 35. Qxb6 {[%emt 0:00:06]} Nxb6 {[%emt 0:00:01]} 36. Bxb5 {[%emt 0:00:05]} Rb8 {[%emt 0:00:51]} 37. Kf2 {[%emt 0:02:24]} Nc8 {[%emt 0:00:45]} 38. Ba6 {[%emt 0:00:36]} Nd6 {[%emt 0:00:29]} 39. Rc6 {[%emt 0:01:42]} Nb5 {[%emt 0:00:05]} 40. Ke3 {[%emt 0:04:17]} Kf8 {[%emt 0:00:45]} 41. Rc5 {[%emt 0:30:52]} Nd6 {[%emt 0:30:32]} 42. b5 {[%emt 0:00:09]} Ke7 {[%emt 0:00:00]} 43. Kd4 {[%emt 0:00:00]} Ne8 {[%emt 0:00:00]} 44. Kc3 {[%emt 0:00:00]} Kd6 {[%emt 0:00:00]} 45. Kb4 {[%emt 0:00:00]} Nc7 {[%emt 0:00:00]} 46. Rc6+ {[%emt 0:00:00]} Kd7 {[%emt 0:00:00]} 47. Kc5 {[%emt 0:00:00]} e5 {[%emt 0:00:00]} 48. Rd6+ {[%emt 0:00:00]} Ke7 {[%emt 0:00:00]} 49. Kc6 {[%emt 0:00:00]} Ne6 {[%emt 0:00:00]} 50. Rd7+ {[%emt 0:00:00]} Ke8 {[%emt 0:00:00]} 51. Rd5 {[%emt 0:00:00]} Rd8 {[%emt 0:00:33]} 52. Rxd8+ {[%emt 0:00:00]} Kxd8 {[%emt 0:00:02]} 53. b6 {[%emt 0:00:34]} Nf8 {[%emt 0:00:27]} 54. b7 {[%emt 0:00:13]} Nd7 {[%emt 0:00:06]} 55. Kd6 {[%emt 0:00:17]} 1-0

[Event "NED-ch 2018"]
[Site "Amsterdam"]
[Date "2018.07.07"]
[Round "6"]
[White "Ernst, Sipke"]
[Black "Van den Doel, Erik"]
[Result "1-0"]
[WhiteElo "2555"]
[BlackElo "2593"]
[Annotator "ChessBase"]
[PlyCount "148"]
[EventDate "2018.07.02"]
[EventType "tourn"]
[EventCountry "NED"]
[SourceTitle "playchess.com"]
[Source "ChessBase"]
[SourceQuality "1"]
[TimeControl "40/5400+30:1800+30"]

1. Nf3 {[%emt 1:30:30]} d5 {[%emt 0:00:00]} 2. c4 {[%emt 0:00:00]} e6 {[%emt 0:00:00]} 3. g3 {[%emt 0:00:00]} Nf6 {[%emt 0:00:00]} 4. Bg2 {[%emt 0:00:00]} Be7 {[%emt 0:00:00]} 5. b3 {[%emt 0:00:00]} O-O {[%emt 0:00:00]} 6. O-O {[%emt 0:00:00]} c5 {[%emt 0:00:03]} 7. e3 {[%emt 0:00:00]} Nc6 {[%emt 0:00:34]} 8. Bb2 {[%emt 0:00:00]} Qb6 {[%emt 0:01:02]} 9. Na3 {[%emt 0:00:00]} Rd8 {[%emt 0:13:35]} 10. Qe2 {[%emt 0:00:00]} Bd7 {[%emt 0:14:29]} 11. d3 {[%emt 0:00:00]} Qa5 {[%emt 0:09:39]} 12. Nd2 {[%emt 0:00:00]} Nb4 {[%emt 0:04:58]} 13. Nf3 {[%emt 0:00:00]} Nc6 {[%emt 0:02:33]} 14. Rfd1 {[%emt 0:00:00]} Rac8 {[%emt 0:03:33]} 15. h3 {[%emt 0:00:00]} Be8 {[%emt 0:06:01]} 16. cxd5 {[%emt 0:00:00]} exd5 {[%emt 0:05:47]} 17. Nc2 {[%emt 0:00:00]} Bd7 {[%emt 0:08:06]} 18. a3 {[%emt 0:00:00]} Qa6 {[%emt 0:03:36]} 19. Rab1 {[%emt 0:00:00]} b6 {[%emt 0:02:46]} 20. Ba1 {[%emt 0:00:00]} h6 {[%emt 0:01:13]} 21. g4 {[%emt 0:00:00]} Be6 {[%emt 0:04:20]} 22. Bf1 {[%emt 0:00:00]} Re8 {[%emt 0:01:48]} 23. d4 {[%emt 0:00:00]} Qb7 {[%emt 0:02:33]} 24. Bg2 {[%emt 0:00:00]} cxd4 {[%emt 0:07:54]} 25. Ncxd4 {[%emt 0:00:00]} Nxd4 {[%emt 0:00:04]} 26. Nxd4 {[%emt 0:00:00]} Bd7 {[%emt 0:01:39]} 27. Qd3 {[%emt 0:00:00]} Ne4 {[%emt 0:00:52]} 28. Ne2 {[%emt 0:00:00]} Bc6 {[%emt 0:01:21]} 29. b4 {[%emt 0:02:13]} Bh4 {[%emt 0:00:38]} 30. Rf1 {[%emt 0:00:06]} Ba4 {[%emt 0:01:27]} 31. Nd4 {[%emt 0:00:04]} a6 {[%emt 0:01:30]} 32. b5 {[%emt 0:03:09]} axb5 {[%emt 0:00:24]} 33. Nf5 {[%emt 0:04:15]} Bc2 {[%emt 0:00:24]} 34. Qxb5 {[%emt 0:00:15]} Bxf2+ {[%emt 0:02:43]} 35. Rxf2 {[%emt 0:00:27]} Nxf2 {[%emt 0:00:08]} 36. Qb2 {[%emt 0:02:41]} f6 {[%emt 0:00:38]} 37. Kxf2 {[%emt 0:00:54]} Bxb1 {[%emt 0:00:42]} 38. Qxb1 {[%emt 0:00:07]} Qc6 {[%emt 0:00:30]} 39. Bd4 {[%emt 0:02:12]} Qc2+ {[%emt 0:01:06]} 40. Qxc2 {[%emt 0:00:06]} Rxc2+ {[%emt 0:00:00]} 41. Kg3 {[%emt 0:31:12]} Rxg2+ {[%emt 0:09:28]} 42. Kxg2 {[%emt 0:00:00]} Ra8 {[%emt 0:00:19]} 43. Ne7+ {[%emt 0:00:00]} Kf7 {[%emt 0:01:00]} 44. Nxd5 {[%emt 0:00:00]} Rxa3 {[%emt 0:00:03]} 45. Bxb6 {[%emt 0:00:00]} Rb3 {[%emt 0:02:46]} 46. Bd4 {[%emt 0:00:00]} Rb5 {[%emt 0:00:09]} 47. Nf4 {[%emt 0:00:00]} Ra5 {[%emt 0:02:40]} 48. Nh5 {[%emt 0:00:00]} Rb5 {[%emt 0:01:26]} 49. Kf3 {[%emt 0:00:00]} Ra5 {[%emt 0:00:15]} 50. Ng3 {[%emt 0:00:00]} Ra2 {[%emt 0:00:24]} 51. Ne4 {[%emt 0:00:00]} Kg6 {[%emt 0:00:43]} 52. h4 {[%emt 0:00:00]} Rc2 {[%emt 0:01:14]} 53. Kf4 {[%emt 0:00:00]} Rc1 {[%emt 0:08:02]} 54. Ng3 {[%emt 0:00:00]} Rd1 {[%emt 0:00:28]} 55. Kf3 {[%emt 0:00:00]} Rb1 {[%emt 0:00:26]} 56. Ne2 {[%emt 0:00:00]} Rf1+ {[%emt 0:02:02]} 57. Kg2 {[%emt 0:00:00]} Rb1 {[%emt 0:00:27]} 58. Nf4+ {[%emt 0:00:00]} Kf7 {[%emt 0:00:04]} 59. h5 {[%emt 0:00:00]} Rb5 {[%emt 0:02:27]} 60. Kf3 {[%emt 0:00:00]} Ra5 {[%emt 0:00:12]} 61. Ng6 {[%emt 0:00:00]} Rb5 {[%emt 0:00:40]} 62. Nh4 {[%emt 0:00:00]} Ra5 {[%emt 0:00:04]} 63. Nf5 {[%emt 0:00:00]} Ra3 {[%emt 0:01:25]} 64. Kf4 {[%emt 0:00:00]} Ra2 {[%emt 0:03:26]} 65. e4 {[%emt 0:00:00]} Re2 {[%emt 0:00:03]} 66. Kf3 {[%emt 0:00:00]} Re1 {[%emt 0:00:02]} 67. Kf2 {[%emt 0:00:00]} Rh1 {[%emt 0:02:04]} 68. e5 {[%emt 0:00:00]} fxe5 {[%emt 0:00:03]} 69. Bxe5 {[%emt 0:00:00]} g6 {[%emt 0:00:27]} 70. Nd6+ {[%emt 0:00:00]} Ke6 {[%emt 0:01:57]} 71. hxg6 {[%emt 0:00:00]} Rb1 {[%emt 0:00:52]} 72. Nf7 {[%emt 0:00:00]} Rb6 {[%emt 0:00:34]} 73. Bd4 {[%emt 0:00:00]} Ra6 {[%emt 0:01:10]} 74. Nxh6 {[%emt 0:00:34]} Kd5 {[%emt 0:00:19]} 1-0

[Event "NED-ch 2018"]
[Site "Amsterdam"]
[Date "2018.07.10"]
[Round "7"]
[White "Van Wely, Loek"]
[Black "Ernst, Sipke"]
[Result "1/2-1/2"]
[WhiteElo "2674"]
[BlackElo "2546"]
[Annotator "TA"]
[PlyCount "83"]
[EventDate "2018.07.02"]
[EventType "tourn"]
[EventCountry "NED"]
[SourceTitle "playchess.com"]
[Source "ChessBase"]
[SourceQuality "1"]

{[%evp 24,83,59,45,61,39,63,0,32,23,24,-46,-52,-72,-51,-168,-168,-162,-100,-114,-110,-122,-115,-114,-95,-109,-103,-239,-164,-173,-169,-252,0,-9,0,0,0,0,0,0,0,0,0,0,0,0,0,-1,-1,-1,-1,-1,-1,-1,-1,-1,-1,-8,0,0,0,0]} 1. d4 Nf6 2. c4 e6 3. Nc3 c5 4. d5 exd5 5. cxd5 d6 6. e4 g6 7. f4 Bg7 8. Bb5+ Nfd7 9. Bd3 Qh4+ 10. g3 Qe7 {A67: Modern Benoni: Taimanov Variation} (10... Qd8 11. Nf3 O-O 12. O-O Nf6 13. Qb3 Na6 14. e5 Nd7 15. e6 Nb6 16. f5 c4 17. Bxc4 Nc5 18. Qb4 gxf5 {1-0 (56) Cheparinov,I (2685)-Pantsulaia,L (2613) Gjakova 2016 CBM 173 [Baldauf,M]}) 11. Nf3 O-O 12. O-O Na6 13. Re1 {LiveBook: 3 Games} Nc7 14. Kg2 $146 ({Predecessor:} 14. a4 a6 15. Bc4 Nb6 16. Be2 Bg4 17. e5 Qd8 18. a5 {1-0 (61) Galje,H (2231)-Legemaat,G (2357) ICCF email 2016}) 14... b5 15. e5 (15. Nxb5 $14 Nxb5 16. Bxb5) 15... c4 16. Bc2 Bb7 17. Ne4 (17. b3 $11 f6 18. bxc4) 17... Ne8 {[%cal Rd6e5]} (17... Nxd5 $5 {[%cal Rd6e5]} 18. Nxd6 Nc5 $11) 18. Be3 Rc8 19. Bxa7 ({Only move:} 19. exd6 $1 $15 Nxd6 20. Nc3 (20. Bxa7 Nxe4 21. Bxe4 Qd6 $15)) 19... dxe5 $19 20. d6 Qd8 ({Better is} 20... Qe6 $19 21. Rb1 Rd8) 21. fxe5 $17 Bxe5 22. Nxe5 Nxe5 23. Kg1 Rc6 {[%cal Re8d6]} 24. Re3 Nxd6 25. Nc3 (25. Nc5 $17 Qa8 26. Rxe5) 25... Re8 26. Qd4 {[#]} f6 $1 27. Rd1 (27. Bc5 $142) 27... b4 $2 ({Black should play} 27... Qc8 $19 {...b4 is the strong threat.} 28. Rf1 Ndf7) 28. Ne4 $36 {[%cal Re4d6][%mdl 2048] The position is equal. White is more active.} Ndf7 29. Qxd8 Rxd8 30. Rxd8+ Nxd8 {[#]} 31. Nxf6+ $1 {[%mdl 512]} Rxf6 32. Rxe5 {And now Re8+ would win.} Nc6 $1 {[%cal Rc6e5]} 33. Rb5 $1 {[%cal Rb5b7]} Ba6 34. Rb6 Bc8 {Threatens to win with ...Bh3.} 35. Be4 c3 $1 {Hoping for ...Bh3.} 36. Rxc6 Rxc6 37. Bxc6 cxb2 38. Be4 Bf5 39. Bd4 $1 Bxe4 40. Bxb2 Bb1 41. a3 bxa3 42. Bxa3 {Precision: White = 48%, Black = 52%.} 1/2-1/2

[Event "NED-ch 2018"]
[Site "Amsterdam"]
[Date "2018.07.10"]
[Round "7"]
[White "L'Ami, Erwin"]
[Black "Tiviakov, Sergei"]
[Result "1/2-1/2"]
[WhiteElo "2636"]
[BlackElo "2583"]
[Annotator "TA"]
[PlyCount "37"]
[EventDate "2018.07.02"]
[EventType "tourn"]
[EventCountry "NED"]
[SourceTitle "playchess.com"]
[Source "ChessBase"]
[SourceQuality "1"]

{[%evp 24,37,9,6,6,6,2,21,29,24,43,0,0,0,0,-2]} 1. e4 c5 2. Nf3 d6 3. d4 cxd4 4. Nxd4 Nf6 5. Nc3 g6 6. g3 Nc6 7. Nde2 Bg7 8. Bg2 Rb8 9. O-O b5 10. Nd5 O-O 11. Bg5 Nd7 12. c3 h6 {B70: Sicilian Dragon: 6 g3 and 6 Be2 (without a later Be3)} 13. Be3 {LiveBook: 8 Games} e6 14. Nb4 Nxb4 15. cxb4 Nb6 16. Bd4 e5 {[#]} (16... Bb7 17. Nc3 a6 18. b3 Nc8 19. a4 Ne7 20. Bxg7 {½-½ (20) Zubov,A (2626)-Kovalev,A (2504) Krakow 2017}) 17. Bxb6 $146 ({Predecessor:} 17. Be3 Bg4 18. b3 d5 19. exd5 e4 20. Bxb6 Rxb6 {1-0 (31) Georgiev,V (2502)-Stanojoski,Z (2479) Stip 2002}) 17... Qxb6 18. Nc3 Be6 19. a3 1/2-1/2

[Event "NED-ch 2018"]
[Site "Amsterdam"]
[Date "2018.07.10"]
[Round "7"]
[White "Van den Doel, Erik"]
[Black "Sokolov, Ivan"]
[Result "1/2-1/2"]
[WhiteElo "2593"]
[BlackElo "2565"]
[Annotator "TA"]
[PlyCount "34"]
[EventDate "2018.07.02"]
[EventType "tourn"]
[EventCountry "NED"]
[SourceTitle "playchess.com"]
[Source "ChessBase"]
[SourceQuality "1"]

{[%evp 20,34,24,22,48,31,39,28,40,22,25,22,35,27,31,25,29]} 1. e4 e5 2. Nf3 Nc6 3. Bb5 a6 4. Ba4 Nf6 5. O-O Be7 6. Re1 b5 7. Bb3 O-O 8. d3 d6 9. Bd2 Bb7 10. a4 b4 11. a5 {LiveBook: 19 Games. C88: Closed Ruy Lopez: Anti-Marshall Systems} (11. c3 Rb8 12. cxb4 Bc8 13. b5 axb5 14. axb5 Rxb5 15. Ra8 Rb8 16. Rxb8 Nxb8 17. d4 exd4 18. Nxd4 c5 19. Nf3 {0-1 (91) Vachier Lagrave,M (2775)-Tomashevsky,E (2716) Tbilisi 2015}) 11... Kh8 $146 ({Predecessor:} 11... Rb8 12. h3 Bc8 13. Bc4 Na7 14. d4 exd4 15. Nxd4 c5 16. Nf5 Nc6 17. Nxe7+ Qxe7 18. Bf4 Ne5 {½-½ (75) Saric,I (2660)-Zawadzka,J (2440) Porto Rio 2016}) 12. Bc1 Bc8 13. Nbd2 {White is slightly better.} Be6 14. Bxe6 fxe6 15. c3 bxc3 16. bxc3 Rb8 17. d4 exd4 1/2-1/2

[Event "NED-ch 2018"]
[Site "Amsterdam"]
[Date "2018.07.10"]
[Round "7"]
[White "Leenhouts, Koen"]
[Black "Van Foreest, Jorden"]
[Result "0-1"]
[WhiteElo "2483"]
[BlackElo "2640"]
[Annotator "TA"]
[PlyCount "90"]
[EventDate "2018.07.02"]
[EventType "tourn"]
[EventCountry "NED"]
[SourceTitle "playchess.com"]
[Source "ChessBase"]
[SourceQuality "1"]

{[%evp 24,90,0,0,4,0,26,9,22,0,0,0,0,0,0,0,0,0,0,0,0,-34,0,0,0,0,-9,-70,-56,-72,-62,-90,-43,-53,-70,-47,-38,-216,-213,-191,-220,-534,-536,-468,-529,-629,-622,-614,-600,-587,-593,-569,-533,-1056,-992,-621,-562,-550,-517,-449,-151,-497,-308,-315,-315,-469,-338,-2367,-1414]} 1. d4 Nf6 2. c4 g6 3. Nc3 Bg7 4. e4 d6 5. f3 O-O 6. Bg5 c5 7. d5 e6 8. Qd2 exd5 9. cxd5 a6 10. a4 Qa5 11. Ra3 Nbd7 12. Nh3 Ne5 13. Nf2 {LiveBook: 10 Games} Nh5 {A65: Modern Benoni: 6 e4} (13... Bd7 14. Be2 Qb4 15. O-O b5 16. axb5 axb5 17. Nxb5 Bxb5 18. Qxb4 cxb4 19. Rxa8 Bxe2 20. Rxf8+ Kxf8 21. Ra1 {0-1 (35) Ibrahim,H (2337)-Vovk,Y (2595) Beirut 2016}) 14. Be2 f5 $146 ({Predecessor:} 14... f6 15. Be3 f5 16. f4 Ng4 17. Nxg4 fxg4 18. g3 Qb4 19. Bd3 Bd7 20. O-O Rae8 21. Rf2 g5 22. fxg5 Rxf2 23. Bxf2 Bd4 24. Bf1 Bxc3 25. Rxc3 Rxe4 26. Bd3 {½-½ (26) Salzmann,S (2271)-Morozov,D (2465) ICCF email 2017}) 15. exf5 gxf5 {The position is equal.} 16. O-O Ng6 17. Bh6 Bd7 18. Bxg7 Kxg7 19. g3 Rae8 20. f4 Nf6 21. Bf3 Rf7 {[%cal Bf8f7,Bf7e7,Be7e3][%mdl 32]} 22. Raa1 Rfe7 23. Nce4 Qxd2 24. Nxd2 {With the idea Nc4.} b5 25. axb5 ({White should play} 25. Nd1 $11) 25... Bxb5 $15 26. Rfc1 Re3 27. Kg2 {[#]} Re2 $1 {[%mdl 512]} 28. Nc4 $1 {[%cal Rc4d6]} (28. Bxe2 Rxe2) 28... Bxc4 $1 29. Rxc4 Rxb2 30. Rxa6 $2 (30. Rca4 $15) 30... Ng4 $1 $19 31. Bxg4 fxg4 32. Kf1 $2 ({Wrong is} 32. Rxd6 $2 Ree2 $19) (32. Ra7+ Kh6 33. Ra1) 32... Rb1+ 33. Kg2 {[#]} Re2 $1 34. Re4 Rd2 35. f5 Rbb2 36. fxg6 Rxf2+ {[%mdl 4096] Endgame KRR-KRR} 37. Kg1 hxg6 38. Rxd6 Rg2+ 39. Kf1 Rxh2 {[%cal Rh2h1]} 40. Kg1 Rhd2 {( -> ...Rd1+)} 41. Re1 Rd3 $2 (41... Rbc2 $19 {is more deadly. Strongly threatening ...c4.} 42. Re7+ Kh6) 42. Kh1 $2 (42. Rc1 $17 {was the crucial defense.}) 42... Kh6 43. Rd8 {[#]} Rbd2 $1 ({But not} 43... Rxg3 44. Rd1 $19) 44. Rh8+ (44. Rc1 $142) 44... Kg7 45. Rh4 $2 (45. Rd8) 45... Rxg3 {Precision: White = 39%, Black = 67%.} 0-1